Une lettre suffit pour répondre juste #81 (attention 10 lettres tuent) - Statistiques

Statistiques générales
  • Ce quiz a été pris 64 fois
  • Le résultat moyen est 3 sur 6
Statistiques - réponses
Hint Réponse % Correct
Donne une des 5 lettres qui compose le nom du pays en vert foncé ci-dessous :
LIBAN
100%
Donne une des 4 lettres du mot qui rapporte 3 points au rugby hors pénalités (comme dans cet extrait)
DROP
62%
Donne une des 3 lettres du prénom du père de Carlito (du duo de vidéastes Mcfly et Carlito) : _ _ _ CARLIER
GUY
51%
Donne une des 2 lettres qui complète le nom de cet Auteur-compositeur-interprète français : _ _ Jean Gab'1
MC
36%
Donne la lettre manquante ci-dessous : _ALAM A_ONE CO_AT FLU_A STRI_
X (XALAM AXONE COXAT FLUXA STRIX)
7%
Donne la lettre qui :-représente le capital -est le symbole représentant l'effet multiplicateur décrit par Keynes -est utilisé pour représenter le nombre 1000 K
5%
Aucun quiz correspondant
Distribution des résultats
% des personnes avec chaque résultat
Percentile par nombre de réponses
Votre historique - résultats
Vous n’avez pas pris ce quiz